00812nam a2200265 a 4500001001300000003000900013005001700022008004100039020002300080082001600103100002000119245005900139260003700198300000900235500003500244505001800279650002700297650003800324650001500362700002000377902000800397942000700405952011700412999001700529nice12345678IN_TiNIC20260116014514.0090325s2007 newa grp 000 0 eng  a8124604088 c42000a306.44bPAT aPatnaik, Tandra aSabdab A Study of Bhartrhari`s Philosophy of Language aNew Delhi bDk Printworld c2007 a228p aincludes index and biblioraphy2 abiblio, index aLanguage and Languages aLanguage and Languages-Philosophy aBhartrhari1 aPatnaik, Tandra bSRS cBK 001040708StackRoom-aHMIbHMId2009-03-25g420.00l0o306.44 PATp022724r2009-03-25v420.00w2009-03-25yBK c15674d15674